| 000 | 00331nam a22001337a 4500 | ||
|---|---|---|---|
| 008 | 181101b xxu||||| |||| 00| 0 eng d | ||
| 020 | _a9780925065643 | ||
| 041 | _aeng | ||
| 080 |
_23rd _a159.9 |
||
| 100 | _a49 | ||
| 101 | _aPSI | ||
| 245 |
_aWorking with Children, Adolescents, and their Families _cHerbert,M |
||
| 942 |
_2udc _cBK |
||
| 999 |
_c51476 _d51476 |
||